| 000 | 02113cam a22003731ia4500 | ||
|---|---|---|---|
| 003 | SA_RiAUC | ||
| 005 | 20240827151406.0 | ||
| 008 | 240827s2012____mr g b f001 0 ara c | ||
| 020 | _a9786144162941 | ||
| 035 | _aADRIF2018-4 | ||
| 040 |
_aSA-MaHRM _bara _cSA-RiAUC _erda |
||
| 050 | 4 | _bA34 2012 | |
| 082 | 0 | 4 |
_a251 _qSA-RiAUC |
| 090 |
_a251 _bخ ل ي |
||
| 100 |
_aخليل بن إسحاق بن موسى الجندي، _cالشيخ، _dتوفي 776 هجري _eمؤلف. _910 |
||
| 245 | 1 | 2 |
_aالتوضيح : _bشرح مختصر ابن الحاجب / _cضياء الدين أبو المودة خليل بن إسحاق بن موسى المالكي المصري الجندي ؛ تحقيق أبي الفضل الدمياطي. |
| 246 | 3 | 0 | _aشرح مختصر ابن الحاجب |
| 250 | _aالطبعة الأولى. | ||
| 264 | 1 |
_aالدار البيضاء، المغرب : _aبيروت : _bمركز التراث والثقافة المغربي ؛ _bدار ابن حزم، _c2012 |
|
| 300 |
_a6 مجلد (664، 832، 751، 779، 772، 751 صفحة ) ؛ _c24 سم |
||
| 336 |
_aنص _btxt _2rdacontent _3كتاب |
||
| 337 |
_aبدون وسيط _bn _2rdamedia |
||
| 338 |
_aمجلد _bnc _2rdacarrier |
||
| 500 | _aكشافات : صفحة 693-750. | ||
| 504 | _aيشتمل على إرجاعات ببليوجرافية. | ||
| 650 | 7 |
_aأصول الفقه الإسلامي _2aucsh _98 |
|
| 700 | 1 |
_aالدمياطي، أحمد بن علي _eمحقق. _96 |
|
| 700 | 2 |
_aابن الحاجب، عثمان بن عمر بن أبي بكر، _d570-646 هجري. _tمختصر المنتهى الأصولي _97 |
|
| 700 | 1 | 2 |
_aابن الحاجب، عثمان بن عمر بن أبي بكر، _d570-646 هجري. _tمنتهى الوصول والأمل في علمي الأصول والجدل. |
| 740 | 0 | 2 | _aمختصر ابن الحاجب، المسمى، مختصر منتهى السؤل والأمل في علمي الأصول والجدل. |
| 740 | 0 | 2 | _aمختصر منتهى السؤل والأمل في علمي الأصول والجدل. |
| 942 |
_2ddc _cBOOK |
||
| 949 |
_aSA-JeALM _d240827 _umohamedma123 _n1 |
||
| 999 |
_c11 _d11 |
||